New introductory lectures on psycho-analysis / (Record no. 265723)
[ view plain ]
| 000 -LEADER | |
|---|---|
| fixed length control field | 00714nam a2200217 a 4500 |
| 001 - CONTROL NUMBER | |
| control field | 000719039 |
| 003 - CONTROL NUMBER IDENTIFIER | |
| control field | AM-YeHGA |
| 005 - DATE AND TIME OF LATEST TRANSACTION | |
| control field | 20250617142902.0 |
| 008 - FIXED-LENGTH DATA ELEMENTS--GENERAL INFORMATION | |
| fixed length control field | 100305s1933 nyu r 000 0 eng d |
| 040 ## - CATALOGING SOURCE | |
| Original cataloging agency | AM-YeHGA |
| 041 1# - LANGUAGE CODE | |
| Language code of text/sound track or separate title | eng |
| Language code of original | ger |
| 090 ## - LOCALLY ASSIGNED LC-TYPE CALL NUMBER (OCLC); LOCAL CALL NUMBER (RLIN) | |
| -- | 267357 |
| 100 1# - MAIN ENTRY--PERSONAL NAME | |
| Personal name | Freud, Sigmund, |
| Dates associated with a name | 1856-1939 |
| 240 10 - UNIFORM TITLE | |
| Uniform title | Neue Folge der Vorlesungen zur Einfuhrung in die Psychoanalyse |
| Language of a work | English |
| 245 10 - TITLE STATEMENT | |
| Title | New introductory lectures on psycho-analysis / |
| Statement of responsibility, etc. | By Sigmund Freud ; Transl. by W. J. H. Sprott. |
| 260 ## - PUBLICATION, DISTRIBUTION, ETC. | |
| Place of publication, distribution, etc. | New York : |
| Name of publisher, distributor, etc. | W.W. Norton & Company, Inc., |
| Date of publication, distribution, etc. | [1933]. |
| 300 ## - PHYSICAL DESCRIPTION | |
| Extent | xi, 15-257 p. ; |
| Dimensions | 22 cm. |
| 500 ## - GENERAL NOTE | |
| General note | Includes index |
| 650 14 - SUBJECT ADDED ENTRY--TOPICAL TERM | |
| Topical term or geographic name entry element | Psychoanalysis |
| 700 1# - ADDED ENTRY--PERSONAL NAME | |
| Personal name | Sprott, Walter John Herbert |
| Relationship | trl |
| Withdrawn status | Lost status | Source of classification or shelving scheme | Damaged status | Not for loan | Collection | Home library | Current library | Date acquired | Total checkouts | Full call number | Barcode | Date last seen | Price effective from | Koha item type | Public note |
|---|---|---|---|---|---|---|---|---|---|---|---|---|---|---|---|
| Universal Decimal Classification | Terzian Individual Collection | Fundamental Scientific Library | Fundamental Scientific Library | 29/12/2016 | Terz/ 2087 | FL0146143 | 29/12/2016 | 29/12/2016 | Գրքեր / Books | ILL Non-Circ. |
ՀՀ Գիտությունների ազգային ակադեմիայի հիմնարար գիտական գրադարան = Fundamental Scientific Library of NAS RA
All site content, except where otherwise noted, is licensed under a